000 00707cam a22002298i 4500
001 19358322
005 20180221115058.0
008 161031s2017 enk b 001 0 eng
020 _a9780470683521 (cloth)
020 _a9780470683514 (pbk.)
040 _cPK-LaUMT
082 0 0 _a616.858306
_223
_bSEX-
245 0 0 _aSexual offending :
_bcognition, emotion and motivation /
_cedited by Theresa A. Gannon and Tony Ward
260 _aChichester :
_bJohn Wiley,
_c2017
300 _a156 p.
650 0 _aSex offenders
_xPsychology.
650 0 _aSex offenders
_xRehabilitation.
650 0 _aSex crimes
_xPsychological aspects.
700 1 _aGannon, Theresa A.,
700 1 _aWard, Tony,
942 _cBK
999 _c103593
_d103593